| 000 | 00328nam a22001337a 4500 | ||
|---|---|---|---|
| 003 | SGT | ||
| 082 |
_a612.012 _bR17K |
||
| 100 | _aKHANDAL" VAIDYA , SANTOSH KUMAR SHARMA | ||
| 245 | _aRASA- BHAISHAJYA KALPANA VIJYANA | ||
| 260 |
_aJAIPUR _bPUBLICATION SCHEME _c2017 |
||
| 300 | _a548 | ||
| 650 | _aAYURVEDA | ||
| 942 |
_2ddc _cBK _0120 |
||
| 999 |
_c14409 _d14409 |
||